Проектирование и строительство тепловых электростанций. Строительная часть

Detalhes bibliográficos
Autor principal: Купцов И. П. Иван Павлович
Outros Autores: Иоффе Ю. Р. Юлий Рафаилович
Idioma:russo
Publicado em: Москва, Энергия, 1972
Edição:2-е изд., перераб.
Assuntos:
Formato: Livro
KOHA link:https://koha.lib.tpu.ru/cgi-bin/koha/opac-detail.pl?biblionumber=53131

MARC

LEADER 00000nam0a2200000 4500
001 53131
005 20231031044634.0
035 |a (RuTPU)RU\TPU\book\55715 
035 |a RU\TPU\book\53980 
090 |a 53131 
100 |a 20030615d1972 km y0rusy50 ca 
101 0 |a rus 
102 |a RU 
105 |a a z 001zy 
200 1 |a Проектирование и строительство тепловых электростанций. Строительная часть  |f И. П. Купцов, Ю. Р. Иоффе 
205 |a 2-е изд., перераб. 
210 |a Москва  |c Энергия  |d 1972 
215 |a 343 с.  |c ил. 
320 |a Библиогр.: с. 341 
610 1 |a теплоэнергетика 
610 1 |a тепловые электрические станции 
610 1 |a проектирование 
610 1 |a строительство 
610 1 |a вспомогательное оборудование 
610 1 |a конструктивные элементы 
675 |a 621.311.22.001.2  |v 4 
675 |a 621.311.22.002  |v 4 
700 1 |a Купцов  |b И. П.  |g Иван Павлович 
701 1 |a Иоффе  |b Ю. Р.  |g Юлий Рафаилович 
801 1 |a RU  |b 63413507  |c 20030505  |g PSBO 
801 2 |a RU  |b 63413507  |c 20210111  |g PSBO 
942 |c BK